ASEAN Countries and Capitals - Statistics

General Stats
  • This quiz has been taken 21 times
  • The average score is 18 of 20
Answer Stats
Answer % Correct
Vietnam
100%
Bangkok
94%
Brunei
94%
Cambodia
94%
Hanoi
94%
Indonesia
94%
Jakarta
94%
Laos
94%
Malaysia
94%
Philippines
94%
Thailand
94%
Kuala Lumpur
88%
Manila
88%
Myanmar
88%
Phnom Penh
88%
Singapore
88%
Singapore
88%
Vientiane
82%
Bandar Seri Begawan
71%
Naypyidaw
71%
No matching quizzes found
Score Distribution
Percent of People with Each Score
Percentile by Number Answered
Your Score History
You have not taken this quiz